000 01006nam a2200229 a 4500
001 BRCA_8920
005 20190320210447.0
008 230617d1709----sp-#######---#000-0#spa-#
041 _aspa
044 _asp
084 _aCO86
_b.P76 1709
100 1 _aLárraga, Francisco
_d1671?-1723
_922179
245 1 0 _aPromptuario de la theologia moral, muy útil para todos los que se han de exponer de Confessores, y para la debida administración del Santo Sacramento de la Penitencia
_c1709
300 _a496 p.
_c20.4 x 15 cm
500 _aEstado físico: presenta encuadernación en pergamino, carece de portada y lomo desprendido
500 _aEstado físico: se anexa una portada impresa similar a la original
500 _aEn portada: Nuevamente reconocido, mejorado, corregido, y añadido por su Autor en esta dezimaoctava impression
500 _aEn portada: Dedicado al glorioso patriarca S. Joseph
650 1 4 _aTeología moral
_yObras anteriores a 1800
_921355
902 _aCFM
942 _2lcc
_cB
999 _c8571
_d8571